Định ngữ nghệ thuật trong thơ thơ và gửi Hương cho gió của Xuân Diệu

Những vấn đề lí luận liên quan đến đề tài. Miêu tả định ngữ nghệ thuật trong thơ thơ và gửi Hương cho gió. Giá trị biểu đạt của định ngữ nghệ thuật trong thơ thơ và Gửi Hương cho gió.

Saved in:
Bibliographic Details
Main Author: Lê Thị Hồng Én
Other Authors: Bùi Trọng Ngoãn TS (Hướng dẫn)
Format: Book
Language:Vietnamese
Published: Đà Nẵng Đà Nẵng Trường Đại học Sư phạm 2009
Subjects:
Tags: Add Tag
No Tags, Be the first to tag this record!
Institutions: Mạng thư viện Đại học Đà Nẵng
LEADER 01537nam a2200337 4500
001 000010972
003 7199
005 20111227081207.0
008 111227s2009 viesd
041 |a vie 
072 |a Khóa luận tốt nghiệp 
082 |a 895.9221  |b LÊ-E 
100 1 |a Lê Thị Hồng Én 
245 1 |a Định ngữ nghệ thuật trong thơ thơ và gửi Hương cho gió của Xuân Diệu  |c Lê Thị Hồng Én 
260 |a Đà Nẵng Đà Nẵng  |b Trường Đại học Sư phạm  |c 2009 
300 |a 63 tr.  |c 29 cm 
500 |a Khóa luận tốt nghiệp Đại học. Chuyên ngành: Ngành Sư phạm Ngữ văn 
520 |a Những vấn đề lí luận liên quan đến đề tài. Miêu tả định ngữ nghệ thuật trong thơ thơ và gửi Hương cho gió. Giá trị biểu đạt của định ngữ nghệ thuật trong thơ thơ và Gửi Hương cho gió. 
653 |a Khóa luận tốt nghiệp Đại học 
653 |a Khoa Ngữ văn 
700 1 |a Bùi Trọng Ngoãn  |c TS  |e Hướng dẫn 
OWN |a LSP 
AVA |a UDN50  |b LSP  |d 895.9221 LÊ-E  |e available  |t Error 5001 Not defined in file expand_doc_bib_avail.  |f 1  |g 0  |h N  |i 0  |k 1 
999 |a From the UDN01 
AVA |a UDN50  |b LSP  |d 895.9221 LÊ-E  |e available  |t Error 5001 Not defined in file expand_doc_bib_avail.  |f 1  |g 0  |h N  |i 0  |k 1 
TYP |a Monograph 
TYP |a Printed language 
980 |a Mạng thư viện Đại học Đà Nẵng